Tratado sobre el cheque, la letra de cambio y otros documentos financieros

Guardat en:
Dades bibliogràfiques
Autor principal: Vásquez Méndez, Guillermo (Autor)
Format: Llibre
Idioma:espanyol
Publicat: Santiago Jurídica de Chile 1984
Matèries:
Etiquetes: Afegir etiqueta
Sense etiquetes, Sigues el primer a etiquetar aquest registre!

MARC

LEADER 00000nam a2200000 a 4500
001 UCY1248
003 CL-VaPUC
008 940825e19840000CL |||||||||||||||||spa|d
082 0 4 |a 346.096  |b VAS  |2 21 
100 0 |a Vásquez Méndez, Guillermo  |e author  |9 329191 
245 1 0 |a Tratado sobre el cheque, la letra de cambio y otros documentos financieros 
300 |a 2 v 
942 |c BK 
945 |d 19940825 00:00:00  |a aalvarez 
260 |a Santiago  |b Jurídica de Chile  |c 1984 
650 0 |a Letras de cambio  |9 254916 
650 0 |a Cheques  |9 254910 
651 7 |a CHILE  |2 CL-VaPUC  |9 329192 
583 |a last modification  |c 19940825 00:00:00  |k Rodrigo Vera 
999 |c 230015  |d 230013 
952 |0 0  |1 0  |4 0  |6 346_096000000000000_VAS_1984  |7 0  |8 A  |9 231830  |a BIBDER  |b BIBDER  |d 2019-11-15  |h v.1  |i 301374K  |o 346.096 VAS 1984  |p 301374K  |r 2023-01-25  |w 2019-11-15  |y BK  |k DER 
952 |0 0  |1 0  |4 0  |6 346_096000000000000_VAS_1984  |7 0  |8 A  |9 231831  |a BIBDER  |b BIBDER  |d 2019-11-15  |h v.2  |i 3013677  |o 346.096 VAS 1984  |p 3013677  |r 2023-01-25  |w 2019-11-15  |y BK  |k DER